Rappeurs Français #3 - Statistiques

Statistiques générales
  • Ce quiz a été pris 1 470 fois
  • Le résultat moyen est 9 sur 16
Statistiques - réponses
Par images Réponse % Correct
Gims
95%
Koba LaD
94%
Gazo
91%
Ziak
87%
Lacrim
86%
Leto
75%
Guizmo
70%
l'Algérino
67%
Lartiste
62%
Jok'Air
46%
Akhenaton
26%
Mac Tyer
24%
Sifax
24%
Rsko
21%
Diddi Trix
19%
Eklips
2%
Aucun quiz correspondant
Distribution des résultats
% des personnes avec chaque résultat
Percentile par nombre de réponses
Votre historique - résultats
Vous n’avez pas pris ce quiz